000 01762nam a2200469 c 4500
001 52588
003 ES-MaCES
005 20250203134105.0
008 221202s2022 sp 010 | spa d
017 _aM 23477-2022
_bDL
020 _a9788418433542
040 _aES-MaCES
_bspa
_cES-MaCES
245 0 0 _aDerecho del trabajo postpandemia y el modelo de protección laboral del futuro
_cdir., José Eduardo López Ahumada ; coord., Leopoldo Gamarra Vílchez, Fernando Varela Bohórquez ; autores, Francisco Alemán Páez ... [et al.]
250 _a1ª ed
260 _aMadrid
_bCinca
_c2022
300 _a224 p.
_c24 cm
490 0 _aColección estudios laborales
_v39
541 _cCompra
650 4 _aCovid-19
_939751
650 4 _acrisis económica
_927102
650 4 _aevaluación del impacto
_930732
650 4 _aderecho del trabajo
_927165
650 4 _arelaciones laborales
_928369
650 4 _aderechos de los trabajadores
_929924
650 4 _ateletrabajo
_929568
650 4 _atrabajador independiente
_928412
650 4 _aprotección social
_929076
650 4 _aprestaciones por desempleo
_927043
650 4 _alegislación de seguridad social
_929855
650 4 _anorma internacional del trabajo
_930609
650 4 _aderecho comparado
_929868
650 4 _aEspaña
_926964
650 4 _aestudio de casos
_928846
653 1 0 _aDerecho del trabajo y Seguridad Social
700 1 _aLópez Ahumada, José Eduardo
_916821
_edir.
700 1 _aGamarra Vílchez, Leopoldo
_ecoord.
_940213
700 1 _aVarela Bohórquez, Fernando
_ecoord.
_940214
700 1 _aAlemán Páez, Francisco
_95890
830 0 _aColección Estudios laborales (Ediciones Cinca)
_934069
_v39
902 _aLIB Libro
942 _2CES
_cBK
_h6.0.1.
999 _c52588
_d52588